MARC

LEADER 00000cam a2200000 7i4500
001 0000022695
005 20100604.0
008 100427 my a may
040 |a INS 
090 0 0 |a K49 
110 1 |a Kursus protokol dan etiket sosial ( Siri 2 ) ,   |d 2009 26 - 29 Oktober   |c Kota Bharu, Kelantan 
245 0 0 |a Kursus protokol dan etiket sosial ( Siri 2 ) :   |b 26 - 29 Oktober 2009   |c Anjuran Pusat Pengurusan dan Teknologi Maklumat, INSPEN 
260 |a Bangi :   |b Institut Penilaian Negara ,   |c 2009 
300 |a 1v. ( Various paging ) :   |b ill. ;   |c 30 cm. 
650 0 |a Diplomatic etiquette   |z Malaysia 
650 0 |a Etiquette   |z Malaysia 
650 0 |a Government etiquette   |z Malaysia 
650 0 |a Precedence   |z Malaysia 
710 1 |a INSPEN ( Institut Penilaian Negara ) 
856 |u http://app.inspen.gov.my:7779/pls/portal/docs/PAGE/CORPORATEPAGES/PORTAL_INSPEN/NOTA_KURSUS/K/8.%20KURSUS%20PROTOKOL%20DAN%20ETIKET%20DAN%20SOSIAL%20%28SIRI%202%29.PDF 
999 |a K000000109   |b BOOK   |c Course Notes   |e Default branch 
999 |a K000000110   |b BOOK   |c Course Notes   |e Default branch 
999 |a K000000111   |b BOOK   |c Course Notes   |e Default branch